| 000 | 02184nam a2200289Ia 4500 | ||
|---|---|---|---|
| 999 |
_c41501 _d41501 |
||
| 001 | 8168 | ||
| 003 | GE_BSU | ||
| 005 | 20240401180007.0 | ||
| 008 | 181216s2013||||ru |||||||||||||| ||rus|| | ||
| 020 | _a9789941931536 | ||
| 040 | _cGE_BSU | ||
| 041 | _arus | ||
| 080 | _a821.161.1-1 М-39 | ||
| 100 |
_aМаяковский, Владимир _921668 |
||
| 245 |
_aНавек любовью ранен : _bСтихи а любви / _cВладимир Маяковский ; Составитель и автор сопроводительных текстов Владимир Головин ; Редактор Александр Сватиков ; Перевод Эмзар Квитаишвили ; Руководитель проекта Николай Свентицкий. |
||
| 264 |
_aТбилиси : _bРусский клуб, _c2013. |
||
| 300 |
_a45с. : _bфот. ; _c21см. |
||
| 500 | _aდანართი ჟურნალისა "Русский клуб". ვლადიმერ ვლადიმერის ძე მაიაკოვსკის დაბადებიდან 120 წლისთავი. VI საერთაშორისო რუსულ-ქართული პოეტური ფესტივალისთვის "სრული ხმით". გამოცემულია საერთაშორისო საქველმოქმედო ფონდ "ქართუს" მხარდაჭერით | ||
| 653 | _aНавек любовью ранен | ||
| 653 | _aСтихи а любви | ||
| 700 |
_aГоловин, Владимир _c ავტორი, შემდგენელი _921669 |
||
| 700 |
_aСватиков, Александр _cრედაქტორი _921670 |
||
| 700 |
_aКвитаишвили, Эмзар _cმთარგმნელი. _921671 |
||
| 700 |
_aвентицкий, Николай _cპროექტის ხელმძღვანელი _921672 |
||
| 710 |
_aБиблиотека международного культурно-просветительского союза "Русский клуб". _921673 |
||
| 942 |
_cBK _2udc |
||